00620nam a2200169 i 4500001000700000003000900007005001700016008004100033100005500074245007000129260005100199300002200250490006200272650003000334830006200364852002400426189955ES-MaACL20250911063610.0200224s1969 sp |||| | spa d1 aAlbiñana García-Quintana, César, d1920-200710aIntroducción al sistema impositivo español / cC. Albiñana. aMadrid : bGuadiana de Publicaciones, c[1969] a215 p. ; c18 cm.1 aColección Biblioteca Universitaria de Economía ; v1404aDerecho fiscal-zEspaña0 aColección Biblioteca Universitaria de Economía ; v14 aES-MaACLjP-1352-12